Music Quiz

Random Music or Clickable Quiz

Artist by First #1 Hit IV Quiz Stats

 Plays Quiz Updated Jul 16, 2017

Support Sporcle.
Go Orange.
Score 0/25 Timer 03:00
4 Plays Today
% Correct
Pharrell Williams
87.2%
Will Smith
82.7%
Prince
80.5%
Kesha
80.3%
Lorde
80.1%
Enrique Iglesias
75.2%
Tina Turner
74.3%
John Legend
71.2%
The Weeknd
69%
Ray Charles
67.9%
R. Kelly
63.9%
Fergie
63.1%
Kelly Clarkson
62.6%
% Correct
Jim Croce
57.1%
The Monkees
54.9%
Hall & Oates
53.4%
Duran Duran
53.1%
Billy Idol
52.8%
Olivia Newton-John
52.4%
David Bowie
50.2%
Def Leppard
47.1%
T.I.
46.7%
B.o.B
45.1%
Donna Summer
43.6%
Toni Braxton
40.1%

You're not logged in!

Compare scores with friends on all Sporcle quizzes.
OR
Log In
Forgot?

From the Vault

Super Tuesday States (2012)

by jdfulp

Anyone else feel like this presidential race is never going to end?
Remove Ads.
Support Sporcle.
Get the best of Sporcle when you Go Orange. This ad-free experience offers more features, more stats, and more fun while also helping to support Sporcle. Thank you for becoming a member.

Show Comments

Extras

Top Quizzes Today


Score Distribution

Your Account Isn't Verified!

In order to create a playlist on Sporcle, you need to verify the email address you used during registration. Go to your Sporcle Settings to finish the process.

Report this User

Report this user for behavior that violates our Community Guidelines.

Details: